ბათუმის შოთა რუსთაველის სახელმწიფო უნივერსიტეტის ბიბლიოთეკა

Marketing : (ბიბ.ჩანაწერი № 43834)

000 -LEADER
fixed length control field 01064pam a2200289 a 4500
001 - CONTROL NUMBER
control field 2542670
005 - DATE AND TIME OF LATEST TRANSACTION
control field 20190604202550.0
008 - FIXED-LENGTH DATA ELEMENTS--GENERAL INFORMATION
fixed length control field 940729s1995 iluab b 001 0 eng
010 ## - LIBRARY OF CONGRESS CONTROL NUMBER
LC control number 94031421
020 ## - INTERNATIONAL STANDARD BOOK NUMBER
International Standard Book Number 025611319X
040 ## - CATALOGING SOURCE
Original cataloging agency DLC
Transcribing agency DLC
Modifying agency DLC
043 ## - GEOGRAPHIC AREA CODE
Geographic area code n-us---
050 00 - LIBRARY OF CONGRESS CALL NUMBER
Classification number HF5415.1
Item number .B4155 1995
082 00 - DEWEY DECIMAL CLASSIFICATION NUMBER
Classification number 658.8
Edition number 20
100 1# - MAIN ENTRY--PERSONAL NAME
Personal name Bearden, William O.,
Dates associated with a name 1945-
9 (RLIN) 2074
245 10 - TITLE STATEMENT
Title Marketing :
Remainder of title principles & perspectives /
Statement of responsibility, etc. William O. Bearden, Thomas N. Ingram, Raymond W. LaForge.
260 ## - PUBLICATION, DISTRIBUTION, ETC.
Place of publication, distribution, etc. Chicago :
Name of publisher, distributor, etc. Irwin,
Date of publication, distribution, etc. c1995.
300 ## - PHYSICAL DESCRIPTION
Extent xlviii, 631 p. :
Other physical details col. ill., col. map ;
Dimensions 29 cm.
440 #4 - SERIES STATEMENT/ADDED ENTRY--TITLE
Title The Irwin series in marketing
9 (RLIN) 2075
504 ## - BIBLIOGRAPHY, ETC. NOTE
Bibliography, etc. note Includes bibliographical references (p. [584]-601) and index.
650 00 - SUBJECT ADDED ENTRY--TOPICAL TERM
Topical term or geographic name entry element Marketing
Geographic subdivision United States.
9 (RLIN) 2076
700 1# - ADDED ENTRY--PERSONAL NAME
Personal name Ingram, Thomas N.
9 (RLIN) 2077
700 1# - ADDED ENTRY--PERSONAL NAME
Personal name LaForge, Raymond W.
9 (RLIN) 2078
906 ## - LOCAL DATA ELEMENT F, LDF (RLIN)
a 7
b cbc
c orignew
d 1
e ocip
f 19
g y-gencatlg
942 ## - ADDED ENTRY ELEMENTS (KOHA)
Source of classification or shelving scheme
Koha item type წიგნი
ეგზემპლარები
Withdrawn status Lost status Source of classification or shelving scheme Damaged status Not for loan Permanent Location Current Location Shelving location Date acquired Cost, normal purchase price Full call number Barcode Date last seen Copy number Price effective from Koha item type Public note
          ბათუმის შოთა რუსთაველის სახელმწიფო უნივერსიტეტის მთავარი ბიბლიოთეკა ბათუმის შოთა რუსთაველის სახელმწიფო უნივერსიტეტის მთავარი ბიბლიოთეკა წიგნსაცავი 2018-12-17 57.00 658 M-29 10424 2018-12-17 10424 2018-12-17 წიგნი 57 gel.